000 01038nam a2200229Ia 4500
003 Ost
005 20260416102354.0
008 260416s9999||||xx |||||||||||||| ||und||
040 _cfsecg
041 _aara
082 _a658.045
100 _aدراجي، كريمو
_eمؤلف
245 0 _aمحاضرات في تسيير المؤسسة /
_c كريمو دراجي
260 _aالجزائر
_bجامعة الجزائر3: كلية العلوم الإقتصادية، العلوم التجارية وعلوم التسيير
_c2018
300 _a86 ورقة
_bايضاحات
_c30 سم
504 _aمراجع ص.83
520 _aمدخل الى المؤسسة و تطورها التاريخي، تطور الفكر الاداري، الوظائف الادارية.
653 _aالشركات-تنظيم وادارة
653 _aالوظائف
710 _aجامعة الجزائر3: كلية العلوم الإقتصادية، العلوم التجارية وعلوم التسيير
_eناشر علمي
942 _cHANDOUT
999 _c41140
_d41140